|
|
|
|
| LEADER |
00000cam a2200000 a 4500 |
| 001 |
UCE7956 |
| 003 |
CL-VaPUC |
| 008 |
150710e19930000cl |||||||||||||||||spa|d |
| 020 |
|
|
|a 9562560880
|
| 082 |
0 |
4 |
|a 230
|b ARE
|2 21
|
| 100 |
0 |
|
|a Arens Kückelkorn, Eduardo
|e author
|9 580655
|
| 245 |
1 |
0 |
|a Resucitó?: una mirada crítica al fundamento del cristianismo
|
| 250 |
|
|
|a 1a. ed
|
| 300 |
|
|
|a 158 p
|
| 942 |
|
|
|c BK
|
| 945 |
|
|
|d 20150710 13:46:00
|a gsalatino
|
| 260 |
|
|
|a Santiago
|b San Pablo
|c 1993
|
| 650 |
|
0 |
|a Teología fundamental
|9 313207
|
| 650 |
|
7 |
|a CRSITIANISMO
|2 CL-VaPUC
|9 557103
|
| 650 |
|
0 |
|a Cristología
|9 315091
|
| 583 |
|
|
|a last modification
|c 20150710 13:46:00
|k Rodrigo Vera
|
| 999 |
|
|
|c 359913
|d 359911
|
| 952 |
|
|
|0 0
|1 0
|3 erb
|4 0
|6 230_000000000000000_ARE_1993
|7 0
|8 A
|9 469511
|a BIBTEO
|b BIBTEO
|e Casale Rolle, Carlos Ignacio, -2014
|i 5181674
|o 230 ARE 1993
|p 5181674
|r 2025-01-17
|w 2019-11-23
|y BK
|z Catalogado en:20150710
|k ICR
|